Tidings from here to there / (Record no. 1044)

MARC details
000 -LEADER
campo de control de longitud fija 00633nam a22002297a 4500
008 - DATOS DE LONGITUD FIJA--INFORMACIÓN GENERAL
campo de control de longitud fija 160910s2006 ei||||| |||| 00| 0 eng d
020 ## - NÚMERO INTERNACIONAL ESTÁNDAR DEL LIBRO
Número Internacional Estándar del Libro 9780955428104
082 04 - NÚMERO DE LA CLASIFICACIÓN DECIMAL DEWEY
Número de clasificación 708
Número de ítem M157t
100 1# - ENTRADA PRINCIPAL--NOMBRE DE PERSONA
Nombre de persona Mackey, Christine.
9 (RLIN) 5494
245 10 - MENCIÓN DEL TÍTULO
Título Tidings from here to there /
Mención de responsabilidad, etc. Christine Mackey.
250 ## - MENCION DE EDICION
Mención de edición 1a ed.
260 ## - PUBLICACIÓN, DISTRIBUCIÓN, ETC.
Lugar de publicación, distribución, etc. Irlanda :
Nombre del editor, distribuidor, etc. Dublin City Council,
Fecha de publicación, distribución, etc. 2006.
300 ## - DESCRIPCIÓN FÍSICA
Extensión 27 p.
653 10 - TÉRMINO DE INDIZACIÓN--NO CONTROLADO
Término no controlado Arte contemporáneo
653 10 - TÉRMINO DE INDIZACIÓN--NO CONTROLADO
Término no controlado Exhibiciones
653 10 - TÉRMINO DE INDIZACIÓN--NO CONTROLADO
Término no controlado Arte público
653 10 - TÉRMINO DE INDIZACIÓN--NO CONTROLADO
Término no controlado Dibujo
653 10 - TÉRMINO DE INDIZACIÓN--NO CONTROLADO
Término no controlado Investigación territorial
653 10 - TÉRMINO DE INDIZACIÓN--NO CONTROLADO
Término no controlado Arte - Geografía
653 10 - TÉRMINO DE INDIZACIÓN--NO CONTROLADO
Término no controlado Residencia Ballybough
653 10 - TÉRMINO DE INDIZACIÓN--NO CONTROLADO
Término no controlado Fotografía
Holdings
Estatus retirado Estado de pérdida Fuente del sistema de clasificación o colocación Estado de daño No para préstamo Biblioteca de origen Biblioteca actual Ubicación en estantería Fecha de adquisición Total de préstamos Signatura topográfica completa Código de barras Visto por última vez Precio de reemplazo Tipo de ítem Koha
    Clasificación Decimal Dewey     Biblioteca LadoV Biblioteca LadoV   10/09/2016   708 M157t 001021 10/09/2016 10/09/2016 Material 01